000 00455nam a2200181Ia 4500
001 889
005 20260306140551.0
008 260306t2011||||xx |||||||||||||| ||spa||
041 _aESP
082 _a172
_bI69
100 _aIrizar, Liliana B.
_eAUT
245 0 _aHumanización de la vida sociopolítica:
_bsegún Caritas in veritate
260 _c2011
300 _a189 páginas :
_c21cm.
650 _aGEN
654 _aCHU
942 _cLIB
_dJUS
_fJUS
_2ddc
_n
999 _c889
_d889